EU SILC ... Indikátory chudoby a sociálneho vylúčenia
| Main Authors: | , , , |
|---|---|
| Format: | Serial |
| Language: | Slovak English |
| PhysicalDescription: | zv. grafy, tab. 30 cm |
| Published: |
Bratislava
Štatistický úrad SR
|
| ISBN: | 9788081210730 (brož. : r. 2010) 9788081211355 (brož. : r. 2011) 9788081212413 (brož. : r. 2012) |
| Series: | Demografia a sociálna štatistika
|
| Subjects: |
MARC
| LEADER | 00000cas a2200000 a 4500 | ||
|---|---|---|---|
| 001 | vtls010435080 | ||
| 003 | SK-MaSNL | ||
| 005 | 20260425194032.0 | ||
| 008 | 120711c201u9999xo ar| s 0 b0slo | ||
| 015 | |a SNBB2017-(r. 2010, r. 2011, r. 2012) | ||
| 020 | |a 9788081210730 (brož. : r. 2010) | ||
| 020 | |a 9788081211355 (brož. : r. 2011) | ||
| 020 | |a 9788081212413 (brož. : r. 2012) | ||
| 040 | |a SVKBB |b slo |c SVKBB |d SNK |e AACR2 | ||
| 041 | 0 | |a slo |a eng | |
| 043 | |a e-xo--- | ||
| 044 | |a xo |c SK | ||
| 072 | 7 | |a 364 |x Sociálne problémy vyžadujúce podporu a pomoc. Sociálne zabezpečenie |2 konspekt | |
| 072 | 7 | |a 311 |x Štatistika |2 konspekt | |
| 080 | |a 050 |2 2011 | ||
| 080 | |a 364.662 |2 2011 | ||
| 080 | |a 364.624.4 |2 2011 | ||
| 080 | |a 364.6 |2 2011 | ||
| 080 | |a (437.6) |2 2011 | ||
| 080 | |a (048.8:083.41) |2 2011 | ||
| 080 | |a (036) |2 2011 | ||
| 245 | 0 | 0 | |a EU SILC ... |p Indikátory chudoby a sociálneho vylúčenia |
| 246 | 1 | 1 | |a EU SILC ... |p Poverty indicators and social exclusion |
| 246 | 1 | 0 | |a Indikátory chudoby a sociálneho vylúčenia |
| 246 | 1 | 0 | |a Poverty indicators and social exclusion |
| 260 | |a Bratislava |b Štatistický úrad SR | ||
| 300 | |a zv. |b grafy, tab. |c 30 cm | ||
| 310 | |a 1x ročne | ||
| 490 | 1 | |a Demografia a sociálna štatistika | |
| 500 | |a Popis podľa: R. 2010 (vydané v r. 2011) | ||
| 500 | |a Súčasťou názvu je označenie kalendárneho roku | ||
| 500 | |a Autori publikácie: 2010, Jarmila Velčická, Róbert Vlačuha ; 2011, Róbert Vlačuha, Pavol Škápik ; 2012, Róbert Vlačuha, Yvona Kováčová | ||
| 504 | |a Pozn. | ||
| 546 | |a Súbež. text angl. | ||
| 650 | 0 | 7 | |a chudoba |2 SNKPH |9 14502 |
| 650 | 0 | 7 | |a Poverty |2 SNKPHeng |9 266501 |
| 650 | 0 | 7 | |a Social exclusion |2 SNKPHeng |9 266502 |
| 650 | 0 | 7 | |a Social problems |2 SNKPHeng |9 266503 |
| 650 | 0 | 7 | |a sociálne vylúčenie |2 SNKPH |9 165452 |
| 650 | 0 | 7 | |a sociálne problémy |2 SNKPH |9 4223 |
| 651 | 7 | |a Slovensko |2 SNKPH |9 14231 | |
| 651 | 7 | |a Slovakia |2 SNKPHeng |9 92630 | |
| 655 | 7 | |a štatistické prehľady |2 SNKPH |9 70689 | |
| 655 | 7 | |a Statistical surveys |2 SNKPHeng |9 265594 | |
| 655 | 7 | |a informačné publikácie |2 SNKPH |9 70181 | |
| 655 | 7 | |a Information publications |2 SNKPHeng |9 265188 | |
| 700 | 1 | |a Velčická, Jarmila |4 aut |4 com |9 266504 | |
| 700 | 1 | |a Vlačuha, Róbert |4 aut |4 com |9 266505 | |
| 700 | 1 | |a Škápik, Pavol |4 aut |4 com |9 266506 | |
| 700 | 1 | |a Kováčova, Yvona |4 aut |4 com |9 266507 | |
| 710 | 1 | |a Slovensko. |b Štatistický úrad |4 pbl | |
| 830 | 0 | |a Demografia a sociálna štatistika |9 266420 | |
| 852 | |a Štátna vedecká knižnica v Banskej Bystrici | ||
| 910 | |a snk | ||
| 919 | |a 978-80-8121-073-0 | ||
| 919 | |a 978-80-8121-135-5 | ||
| 919 | |a 978-80-8121-241-3 | ||
| 999 | |c 2291 |d 4221 | ||
| 952 | |a SNK |b SNK |y PREZ |7 0 |p 17A1263684 |o snkČSB 6467/2010 |i snk2017/17332 |8 0 |0 0 |1 0 |4 0 |d 2017-07-28 |l 0 |r 2026-02-21 22:25:42 |w 2026-02-21 | ||
| 952 | |a SNK |b SNK |y PREZ |7 0 |p 17A1263685 |o snkČSB 6467/2011 |i snk2017/17333 |8 0 |0 0 |1 0 |4 0 |d 2017-07-28 |l 0 |r 2026-02-21 22:25:42 |w 2026-02-21 | ||
| 952 | |a SNK |b SNK |y PREZ |7 0 |p 17A1263686 |o snkČSB 6467/2012 |i snk2017/17335 |8 0 |0 0 |1 0 |4 0 |d 2017-07-28 |l 0 |r 2026-02-21 22:25:42 |w 2026-02-21 | ||


